| 000 | 00504nam a2200157Ia 4500 | ||
|---|---|---|---|
| 008 | 210716s2003 xx 000 0 und d | ||
| 020 | _a1578518520 | ||
| 041 | _aeng | ||
| 082 | _a658.406 CHRC | ||
| 100 | _aChristensen, Clayton M;Raynor, Michael E. | ||
| 245 |
_aInnovators solution: creating and sustaining successful growth. _bCreating and sustaining successful growth. |
||
| 250 | _a1 | ||
| 260 |
_aBoston _bHarvard Business School Press _c2003 |
||
| 300 | _ax,301 | ||
| 650 | _aInnovation & Change | ||
| 999 |
_c206244 _d206244 |
||